| 000 | 00677nam a2200229Ia 4500 | ||
|---|---|---|---|
| 003 | OSt | ||
| 005 | 20221002052212.0 | ||
| 006 | a|||||r|||| 00| 0 | ||
| 007 | ta | ||
| 008 | 220930b |||||||| |||| 00| 0 eng d | ||
| 024 | _a41833 | ||
| 037 | _cReference Collections | ||
| 040 |
_aCRL _cCRL _beng |
||
| 041 |
_2eng _aeng |
||
| 082 | _aO11195wk, N3(RR) | ||
| 245 | 0 | _aReader Encyclopedia of Eastern European literature Ed by Robert B Pynset and S I Kanikova | |
| 260 |
_aNew York _bHarper Collins _c1993 |
||
| 300 |
_axvi, 605p _ccm. |
||
| 650 | _aENGLISH LITERATURE | ||
| 942 |
_hO11195wk, N3(RR) _cref _2CC |
||
| 999 |
_c918903 _d918903 |
||